| 000 | 00000nas 2200000za 4500 |
| 001 | 9.810422 |
| 003 | CaOODSP |
| 005 | 20221107140846 |
| 007 | cr ||||||||||| |
| 008 | 160202c20159999oncar m o||||f0 |0fre|d |
| 040 | |aCaOODSP|bfre |
| 043 | |an-cn--- |
| 086 | 1 |aFA1-2F-PDF |
| 086 | 1 |aFA1-22F-PDF |
| 110 | 1 |aCanada. |bBureau du vérificateur général. |
| 245 | 10|aRapports de la commissaire à l'environnement et au développement durable |h[ressource électronique]. |
| 260 | |a[Ottawa] : |bLe Commissaire,|c[2015]- . |
| 310 | |aAnnuel. |
| 362 | 0 |a[2015]- |
| 500 | |aPublié aussi en anglais sous le titre: Reports of the Commissioner of the Environment and Sustainable Development. |
| 775 | 08|tReports of the Commissioner of the Environment and Sustainable Development |w(CaOODSP)9.810424 |
| 776 | 0#|tRapports de la commissaire à l'environnement et au développement durable.|w(CaOODSP)9.833496 |
| 776 | 0#|tRapports de la commissaire à l'environnement et au développement durable.|w(CaOODSP)9.833498 |
| 780 | 00|tRapport du commissaire à l'environnement et au développement durable à la Chambre des communes. [Chapitres] |w(CaOODSP)9.502646 |
| 785 | 00|tRapports de la commissaire à l'environnement et au développement durable au Parlement du Canada.|w(CaOODSP)9.842752 |